000 01491nam a2200325 i 4500
001 156348
003 ES-MaACL
005 20251014063224.0
008 931025s1887 sp af |||| | spa d
100 1 _aGiménez Romera, Waldo,
_d1835-1896
_9176244
245 1 0 _aCuba, Puerto Rico y Filipinas /
_cpor Waldo Jimenez de la Romera ; fotograbados de Joaritzi [sic] y Mariezcurrena ; dibujos de Passos y Riquero ; cromos de Xumetra.
260 _aBarcelona :
_bEstab. Tip.-Ed. de Daniel Cortezo y Cª,
_c1887.
300 _a944 p., [10] h. de lám. :
_bil. ;
_c25 cm.
490 1 _aEspaña: sus monumentos y artes, su naturaleza e historia
510 4 _aPalau,
_c124470
530 _aDisponible en formato digital.
599 _aLas h. de grab., 6 de monumentos de la Habana, Manila y Cienfuegos y 2 de Guajiro y Guajira de Cuba.
651 4 _aCuba-
_xDescripción.
_98092
651 4 _aPuerto Rico-
_xDescripción.
_99279
651 4 _aFilipinas-
_xDescripción.
_98657
700 1 _aJoarizti (
_d-1910)
_9151217
700 1 _aMariezcurrena, Heribert (
_d1846-1898)
_9129494
700 1 _aPassos, José,
_d1862-1928
_9130884
700 1 _aRiquero.
_9131834
700 1 _aXumetra, F.
_9117524
830 0 _aEspaña: sus monumentos y artes, su naturaleza e historia
_9188068
852 _aES-MaACL
_jC-2041
_z- Enc. tela
856 _uhttp://bvpb.mcu.es/es/catalogo_imagenes/grupo.cmd?path=35196
_zBiblioteca Virtual del Patrimonio Bibliográfico
999 _c156348
_d156348